| 000 | nam a22 7a 4500 | ||
|---|---|---|---|
| 999 |
_c29482 _d29482 |
||
| 008 | 180108b xxu||||| |||| 00| 0 eng d | ||
| 020 | _a8122405169 | ||
| 020 | _a9788122405163 | ||
| 050 | _aTC 160 .H93L55 2012 | ||
| 100 | _aLikhi, S.K. | ||
| 245 |
_aHydraulics: _blaboratory manual/ _cS.K. Likhi |
||
| 260 |
_aNew Delhi: _bNew Age international limited, _cc2012. |
||
| 300 |
_aviii, 95p. : _bill. ; _c24cm |
||
| 650 | _aHydraulic engineering-problems,exercises. | ||
| 650 | _aHydraulic. | ||
| 650 | _aHydraulic engineering. | ||
| 942 |
_2lcc _cBOOKS _hTC 160 .H93L55 2012 |
||